Methods based on the Wiener-Hopf technique for the solution of partial differential equations
Αποθηκεύτηκε σε:
| Κύριος συγγραφέας: | |
|---|---|
| Μορφή: | Βιβλίο |
| Γλώσσα: | English |
| Δημοσίευση: |
New York, N.Y. :
Chelsea Pub. Co.,
1988
|
| Έκδοση: | 2nd (unaltered) ed |
| Θέματα: | |
| Ετικέτες: |
Προσθήκη ετικέτας
Δεν υπάρχουν, Καταχωρήστε ετικέτα πρώτοι!
|
MARC
| LEADER | 00000nam a2200000 i 4500 | ||
|---|---|---|---|
| 001 | 1/54017 | ||
| 008 | 941103s1988 eng d | ||
| 020 | |a 0828403325 | ||
| 035 | |l 10044873 | ||
| 035 | |a 1993 |c ΦΛΕΣΣΑΣ | ||
| 040 | |a GR-MY-UA |b gre |e aacr | ||
| 041 | 0 | |a eng | |
| 082 | 0 | |a 515.353 |2 (19) | |
| 100 | 1 | |a Noble, Ben. | |
| 245 | 1 | 0 | |a Methods based on the Wiener-Hopf technique for the solution of partial differential equations / |c by B. Noble |
| 246 | 3 | 3 | |a Wiener-Hopf technique |
| 250 | |a 2nd (unaltered) ed | ||
| 260 | |a New York, N.Y. : |b Chelsea Pub. Co., |c 1988 | ||
| 300 | |a x, 246 p.; |b ill.; |c 24 cm | ||
| 500 | |a Spine title: Wiener-Hopf technique | ||
| 500 | |a Includes index | ||
| 504 | |a Bibliography: p. 237-242 | ||
| 650 | 0 | 0 | |a Differential equations, Partial. |
| 650 | 0 | 0 | |a Transformations (Mathematics) |
| 852 | |a INST |b SAMOS |e 19941103 |h 515.353 NOB |p 005300003311 |q 005300003311 |t BK |y 0 | ||
| 909 | |a Σ |b 029480 | ||